000
00284nam a22001337a 4500
008
171218b xxu||||| |||| 00| 0 eng d
020
_a
9780683306163
041
_a
eng
080
_a
616
100
_a
4
101
_a
SHM
245
_a
FAMILY MEDICINE
_c
RUDY.D.R
942
_2
udc
_c
BK
999
_c
39067
_d
39067